000 01625nam a22002177a 4500
005 20251104090150.0
008 251104b |||||||| |||| 00| 0 eng d
020 _a9788194790853
040 _cAL
041 _aeng
082 _a820.33
_bPANE
100 _aAjay K Pandey
_9243646
245 _aEverything i never told you
260 _bSrishti Publishers and Distributors
_c2020
300 _ax,206p.
_bPB
_c20x13cm
365 _2English
_a4241
_b₹200.00
_c
_d₹250.00
_e20%
_f25-10-2025
520 _aWe can live without religion, but we cannot survive without love. Roshan and Soha were not just class-mates and neighbours, but also best friends. They wanted to be together, but the world saw them as a Hindu and a Muslim before everything else. Roshan failed to convince his father and had to let Soha go. He married Manisha with the hope of moving on, and his life unfolded with a new definition of love. When Anuj was born, theirs was a happy family. Soha walked back into his life after Roshan lost Manisha to cancer. History repeats itself after years, but this time, Roshan decides to not give up. His resolve to convince his son brings him to a point where he will have to make a choice. Will Anuj be able to see someone else in place of his mother? Will Roshan be able to choose between Anuj and Soha? Will Soha be able to set herself free of a love she has nurtured all her life? Everything I Never Told You is a burning reminder that the heart knows no restrictions, and of the boundless power of love.
650 _aIndian English Fiction
_9243647
650 _aIndian Novel
_9243648
942 _2ddc
_cBK
999 _c240644
_d240644